000 00359nam a2200133Ia 4500
005 20260328101441.0
008 260328s9999||||xx |||||||||||||| ||und||
100 _aReznikoff, C.S
245 0 _aInterior Graphic and Design standards /
_cC.S Reznikoff
260 _bWhitney Library of Design
300 _a622 p.
650 _aARQUITECTURA INTERIOR
942 _cBK
999 _c8276
_d8276